000 01834nam a2200169Ia 4500
005 20260302160848.0
008 260302s9999 xx 000 0 und d
020 _a9781858989679
082 _a338.926
_bGRA
100 _aGranstrand, Ove
245 0 _aThe Economics and Management of Intellectual Property /
_cGranstrand, Ove
260 _bEdward Elgar Publishing,
_c2000
300 _a484 pages
520 _aThis unique book - informed by ten years' research - focuses on intellectual property and charts the global transition towards intellectual capitalism with technology-based corporations as prime movers. The book gives a comprehensive overview of the history and fundamentals of intellectual property as well as a textbook introduction to the field. The book sheds new light on the economics and management of intellectual property in large corporations in Europe, Japan and the US. Special emphasis is given to strategies for the acquisition and commercialization of new technologies, patent strategies and strategies for secrecy and trademark, technology intelligence and corporate management of intellectual property. It includes an in-depth study of leading large corporations in Japan - including Canon, Hitachi, Toshiba and Sony. In conclusion, it explores the possible evolution of intellectual property management towards a distributed intellectual capital management in the context of a wider transition to intellectual capitalism, fueled by new technologies in general and new infocom technologies in particular. The book will have particular appeal to practitioners such as managers, economists, engineers and lawyers as well as students and scholars of industrial organization, economics of innovation and technical change, and management of technology.
650 _aBusiness & Economics
942 _cENGLISH
999 _c616620
_d616620